00446nam a2200133 a 450000100100000000500170001000800410002702000150006804000250008308200210010824500530012926001020018230000280028400004088220201002034440.0130910s2005 pr a 000 0 eng d a0865816123 aDO-SdBNPbengcBNPHU axxxxxxxbxxxxxxx00aTrans/Migrations : Graphics As Contemporary Art. aPuerto Rico, :bBiblioteca Nacional de Puerto RicobInstituto de Cultura Puertorriqueña,c2005. a407 p. :bil. ;c28 cm.